000 00504nam a2200097Ia 4500
008 170517s9999 xx 000 0 und d
245 _aArt Sleuth
300 _aUsing unique detective-like approach the author analyzes famous artworks of Van Gogh, Manet, Botticelli, Vigee Le Brun, Rembrandt, Holbein, Bellini, Carpaccio, and Bruegel. Van Gogh painted "The Starry Night" in a sanatorium, a year before he committed suicide. While...
650 _xArt.
856 _uhttp://topdocumentaryfilms.com/art-sleuth/
999 _c333114
_d333114